00615nam a2200229 a 4500001001300000003000900013005001700022008004100039020001000080082001300090100001700103245002100120260004800141300000900189500003500198505001300233650001600246902000800262942000700270952009300277999001500370nice12345678IN_TiNIC20260116011428.0050524s1907 laha grp 000 0 urd  ac10000a239bSIM aSimpson, P K aHaqiqatul Masih. aLahorebPunjab Religious Booksociety c1907 a168p aincludes index and biblioraphy2 aArchives aApologetics bSRS cBK 00104070aHMIbHMId2007-06-28g100.00l0o239 SIMp4332r2007-06-28w2026-01-16yARB c1439d1439